000 00543nmm a2200181Ia 4500
008 251105s9999||||xx |||||||||||||||||und||
020 _a9789871432660
041 _aspa
100 _aFerreyra, Adriana
245 0 _aMetodología de la investigación vol. II
264 _a[Buenos Aires, Argentina] :
_bEditorial Brujas,
_c2014
300 _a114 páginas
650 _aSocial Sciences (General)
700 _aFerreyra, Adriana
700 1 _a De Lonhi, Ana Lía
856 _uhttps://public.digitaliapublishing.com/a/35448
942 _cCF
999 _c65447
_d65447